Las neuronas espejo : empatía, neuropolítica, autismo, imitación, o de cómo entendemos a los otros. /

Guardado en:
Autor Principal: Iacoboni, Marco.
Otros Autores: Rodríguez Villegas, Isolda, (trad.)
Formato: Libro
Idioma:Undetermined
Publicado: Buenos Aires : Katz, 2009.
Edición:1a. ed. 3a. reimp.
Series:Conocimiento ; 3055
Materias:
Etiquetas: Agregar Etiqueta
Sin Etiquetas, Sea el primero en etiquetar este registro!
LEADER 00659nam a22001815a 4500
001 DER.der015387
008 251030s2009####ag############000#0#und#d
005 20251105141139.0
245 1 0 |a Las neuronas espejo :  |b empatía, neuropolítica, autismo, imitación, o de cómo entendemos a los otros. /  |c Marco Iacoboni ; traducido por Isolda Rodríguez Villegas. 
250 |a 1a. ed. 3a. reimp. 
260 |a Buenos Aires :  |b Katz,  |c 2009. 
300 |a 270 p. 
490 1 |a Conocimiento ;  |v 3055 
020 |a 9789871283989 
100 1 |a Iacoboni, Marco. 
700 1 |a Rodríguez Villegas, Isolda,  |e trad. 
650 7 |a NEUROLOGÍA 
859 |a DERECHO  |b BIB. DERECHO  |h 616.8  |i IAC  |p 0010711